Normal view
MARC view
- Digital Logic and Computer Design
Entry Topical Term
001 - CONTROL NUMBER
- control field: 84009
003 - CONTROL NUMBER IDENTIFIER
- control field: NUST
005 - DATE AND TIME OF LATEST TRANSACTION
- control field: 20211112135215.0
008 - FIXED-LENGTH DATA ELEMENTS
- fixed length control field: 211112|| aca||aabn | a|a d
040 ## - CATALOGING SOURCE
- Original cataloging agency: NUST
- Transcribing agency: NUST
150 ## - HEADING--TOPICAL TERM
- Topical term or geographic name entry element: Digital Logic and Computer Design
670 ## - SOURCE DATA FOUND
- Source citation: Work cat.: (NUST)567215: MANO, M. MORRIS 84008, DIGITAL LOGIC AND COMPUTER DESIGN, 2005.
